000 00576nam a2200241Ia 4500
005 20260306145922.0
008 008 260114s9999 xx 000 0 eng d
020 _a9781501506925
037 _aEbook
040 _aCRL
040 _beng
040 _cCRL
041 _2eng
041 _aeng
084 _qCRL
245 0 _aSyntactic Structures after 60 Years
260 _bDe Gruyter Mouton
260 _c2018
650 _aLinguistics and Semiotics
856 _uhttps://www.degruyter.com/isbn/9781501506925
942 _cEBOOK
999 _c1692202
_d1692202